[Event "Stay Safe Play From Home 310"]
[Site "Emanuel Lasker Arena"]
[Date "2020.07.17"]
[Round "2"]
[White "Haxhi Baha"]
[Black "Lamborghini"]
[Result "0-1"]
[WhiteElo "1934"]
[BlackElo "2197"]
[Annotator "TA"]
[PlyCount "90"]
[EventDate "2020.07.17"]
[EventType "swiss (blitz)"]

{[%evp 10,90,34,31,69,2,-5,-35,13,-129,0,0,4,-153,-79,-79,-99,-90,-105,-94,-133,-156,-92,-108,-118,-199,-195,-186,-187,-414,-135,-366,-177,-202,-123,-172,-79,-82,-98,-225,-223,-186,-100,-87,214,0,0,-219,906,834,1722,1426,1917,1855,1713,-245,892,692,29980,3337,29980,29981,29980,0,29985,29986,29992,29993,29998,29999,29999,-29991,-29992,-29992,-29993,-29994,-29995,-29995,-29996,-29996,-6,-26,-42]} 1. e4 g6 2. f4 Bg7 3. Nf3 d6 4. d4 Nf6 5. c3 O-O 6. Bd3 b6 {B07: Pirc Defence: Miscellaneous Systems.} 7. h3 (7. O-O $14) 7... Bb7 $11 8. Qe2 {[#]} c5 $146 {Black is slightly better.} ({Predecessor:} 8... Nh5 9. Qf2 Qd7 10. Be3 Bf6 11. Ng5 Bxg5 12. fxg5 a5 13. g4 Ng7 14. Na3 Ba6 {1-0 (60) Voeller,L (1509)-Stark,S (1169) Berlin 2009}) 9. Nbd2 (9. O-O $11) 9... Nc6 (9... cxd4 $17 10. Nxd4 e5 11. fxe5 dxe5) 10. d5 Na5 11. b4 $2 (11. Nf1 $11) 11... cxb4 (11... Nh5 $142 12. bxa5 Bxc3) 12. cxb4 $17 {Black must now prevent Rb1.} Nh5 $36 {[%mdl 2112] Discovered Attack. Black is on the roll.} 13. Rb1 {Hoping for Nf1.} Ng3 14. Qe3 {Rg1 is the strong threat.} Nxh1 15. bxa5 Ng3 (15... e6 $142 $1 16. dxe6 fxe6) 16. a6 Bc8 17. Ng5 (17. Nd4 $17 {was necessary.} Bd7 18. Nc6 Bxc6 19. dxc6) 17... Nh5 $19 18. g4 Nf6 19. Ndf3 $2 (19. Bb2 {is a better defense.}) 19... Bd7 $2 (19... h6 $19 20. Nxf7 Rxf7) 20. Bb2 $2 (20. Nd4 $17) 20... Rc8 (20... h6 $142 21. Nxf7 Rxf7) 21. Nd4 Re8 22. f5 {[#]} h6 (22... b5 $1 $19 23. Nb3 (23. Bxb5 Bxb5) 23... Ra8) 23. Ngf3 $17 g5 24. h4 (24. Kf2 $17) 24... Nxg4 $19 25. Qg1 h5 ({Black should try} 25... Ne5 $19 26. Nxe5 dxe5 27. hxg5 hxg5) 26. hxg5 $17 Be5 $2 {[%mdl 8192]} (26... e6 $17 {and life is bright.} 27. dxe6 fxe6) 27. Nxe5 $2 (27. Qh1 $1 $18 {[%cal Rh1h5]} Bg7 28. Qxh5) 27... dxe5 28. Nf3 $2 (28. Qh1 $1 $11 {and White is okay.} exd4 29. Qxh5) 28... f6 $4 {[%mdl 8192]} (28... e6 $19 29. Qh1 exf5 30. Qxh5 Qe7) 29. Qh1 $1 $18 Bb5 30. Bxb5 Qd6 31. Qxh5 {[%mdl 64] Double Attack} Qb4+ 32. Kf1 $4 {[%mdl 8192]} (32. Nd2 $18 {was the only winning move.} Qc5 33. Qxg4 Qe3+ 34. Kd1 $1 {[%mdl 512]} Qxg5 35. Qxg5+ fxg5 36. Bxe8 Rxe8 37. Bxe5) 32... Ne3+ $4 {[%mdl 8192]} ({Inferior is} 32... Qxb5+ 33. Kg2 $11) (32... Qxe4 $19 33. Nd2 Qf4+ {[%mdl 64] Double Attack} 34. Kg2 Qxd2+ {[%mdl 64] Double Attack} 35. Kg3 Qf4+ {[%mdl 64] Double Attack} 36. Kh3 Nf2+ 37. Kg2 Qe4+ 38. Kg3 Qxf5) 33. Kf2 Rc2+ 34. Kxe3 (34. Kg1 $142 Rg2+ 35. Kh1 Rh2+ 36. Kxh2 Qxb5 37. Rg1 Qe2+ 38. Kh1 $1 {[%mdl 512]} Qxf3+ 39. Qxf3) 34... Qc5+ 35. Bd4 exd4+ 36. Nxd4 $2 (36. Kf4 Qc7+ 37. e5 fxe5+ 38. Ke4 Rg2 39. Rh1 Rg4+ 40. Qxg4 e6 41. dxe6 Qc2+ 42. Kxe5 Qc5+ 43. Ke4 $1 {[%mdl 512]}) 36... Rc3+ $4 {[%mdl 8192]} (36... Qc3+ $11 37. Kf4 Qd2+ 38. Kg3 Qg2+ 39. Kf4 Qd2+ {[%mdl 64] Double Attack} 40. Kg3 Qf2+ 41. Kg4 Qg2+ {[%mdl 64] Double Attack} 42. Kf4 Qd2+ {[%mdl 64] Double Attack}) 37. Bd3 Rxd3+ 38. Kxd3 Rc8 39. Qg6+ {[%mdl 64] Double Attack} Kf8 40. Rh1 $4 {[%mdl 8192]} (40. Ne6#) 40... Qc3+ 41. Ke2 Qb2+ {[%mdl 64] Double Attack} 42. Kf3 Rc3+ 43. Kf4 Qf2+ {[%mdl 64] Double Attack} 44. Kg4 {[#]} Rg3+ $2 (44... Qg2+ $1 {[%mdl 512] mates} 45. Kh4 Qxh1+ 46. Kg4 Qh3+ 47. Kf4 Qh4#) 45. Kh5 $11 {[%cal Rd4e6]} Rxg5+ {Accuracy: White = 36%, Black = 22%.} 0-1

[Event "Stay Safe Play From Home 310"]
[Site "Emanuel Lasker Arena"]
[Date "2020.07.17"]
[Round "2"]
[White "Grizzzly"]
[Black "Bardellosport"]
[Result "0-1"]
[WhiteElo "1909"]
[BlackElo "1983"]
[Annotator "TA"]
[PlyCount "41"]
[EventDate "2020.07.17"]
[EventType "swiss (blitz)"]

{[%evp 11,41,18,28,-62,-20,-86,-44,-157,-142,-263,-228,-300,-257,-350,-168,-349,-342,-725,-725,-2331,-521,-3072,-2976,-2608,-1967,-1959,-1699,-2095,-2050,-2330,-2162,-29987]} 1. d4 d6 2. c4 f5 3. Nc3 Nf6 4. g3 g6 5. Bg2 Bg7 6. Nf3 O-O {[#]} 7. Rf1 $146 {A86: Dutch Defence: Leningrad System: Unusual lines and 5 Nh3.} ({Better is} 7. O-O $11) ({Predecessor:} 7. O-O c6 8. d5 e5 9. dxe6 Bxe6 10. b3 Na6 11. Bb2 Nc5 12. Qc2 Qe7 13. Rad1 a5 14. e3 Rad8 15. Ne2 Kh8 16. Nf4 Bf7 17. Ng5 Bg8 18. Bc3 a4 19. Bd4 axb3 20. axb3 {1-0 (56) Esipenko,A (2682)-Dubov,D (2699) chess.com INT 2020}) 7... Qe8 8. e3 (8. Bf4 $11 {remains equal.}) 8... Nc6 9. Ke2 (9. Nd5 $15 Nxd5 10. cxd5) 9... e5 $17 10. dxe5 (10. Re1 $17) 10... dxe5 $19 11. Re1 e4 12. Nd4 {[#]} Nxd4+ (12... f4 $142 $1 {[%mdl 512]} 13. gxf4 (13. exf4 Bg4+) 13... Bg4+ {[%mdl 64] Skewer} 14. f3 exf3+ 15. Nxf3 Rd8) 13. Qxd4 $2 (13. exd4 f4 14. Kf1) 13... Ng4 14. Qd5+ $2 (14. Qc5) 14... Be6 {Black is clearly winning.} 15. Qxb7 Qf7 (15... Bxc4+ $142 16. Kd1 Qd7+ 17. Nd5 Bxd5) 16. h3 Bxc4+ 17. Kd1 Nxf2+ 18. Kc2 Nd3 19. Kd2 Rad8 {[#] ( -> ...Nb4+)} 20. Rd1 Nc5+ 21. Nd5 {Black took control after the opening. Accuracy: White =  3%, Black = 43%.} 0-1

[Event "Stay Safe Play From Home 310"]
[Site "Emanuel Lasker Arena"]
[Date "2020.07.17"]
[Round "2"]
[White "Greblah"]
[Black "Haris kollari 13"]
[Result "1-0"]
[WhiteElo "1872"]
[BlackElo "1657"]
[Annotator "NA"]
[PlyCount "81"]
[EventDate "2020.07.17"]
[EventType "swiss (blitz)"]

1. e4 {[%emt 0:00:01]} e6 {[%emt 0:00:00]} 2. Qe2 {[%emt 0:00:01]} d5 {[%emt 0:00:00]} 3. exd5 {[%emt 0:00:00]} Qxd5 {[%emt 0:00:01]} 4. Nc3 {[%emt 0:00:00]} Qd8 {[%emt 0:00:01]} 5. g3 {[%emt 0:00:00]} c6 {[%emt 0:00:01]} 6. Bg2 {[%emt 0:00:00]} Nf6 {[%emt 0:00:01]} 7. Nf3 {[%emt 0:00:01]} Be7 {[%emt 0:00:01]} 8. d4 {[%emt 0:00:01]} O-O {[%emt 0:00:01]} 9. Be3 {[%emt 0:00:01]} Nbd7 {[%emt 0:00:02]} 10. O-O {[%emt 0:00:00]} Nb6 {[%emt 0:00:01]} 11. h3 {[%emt 0:00:01]} Nbd5 {[%emt 0:00:02]} 12. b3 {[%emt 0:00:01]} Nxc3 {[%emt 0:00:02]} 13. Qc4 {[%emt 0:00:01]} Ncd5 {[%emt 0:00:01]} 14. Rad1 {[%emt 0:00:01]} Nxe3 {[%emt 0:00:02]} 15. fxe3 {[%emt 0:00:01]} Nd5 {[%emt 0:00:00]} 16. Rde1 {[%emt 0:00:02]} Bd7 {[%emt 0:00:01]} 17. e4 {[%emt 0:00:01]} Nf6 {[%emt 0:00:02]} 18. e5 {[%emt 0:00:01]} Nd5 {[%emt 0:00:01]} 19. Qd3 {[%emt 0:00:01]} Rc8 {[%emt 0:00:01]} 20. c4 {[%emt 0:00:01]} Nb6 {[%emt 0:00:02]} 21. Nh4 {[%emt 0:00:01]} Bxh4 {[%emt 0:00:02]} 22. gxh4 {[%emt 0:00:01]} Qxh4 {[%emt 0:00:01]} 23. Re4 {[%emt 0:00:01]} Qe7 {[%emt 0:00:02]} 24. Rg4 {[%emt 0:00:01]} Be8 {[%emt 0:00:01]} 25. Be4 {[%emt 0:00:01]} g6 {[%emt 0:00:03]} 26. Bxg6 {[%emt 0:00:02]} fxg6 {[%emt 0:00:02]} 27. Rxf8+ {[%emt 0:00:01]} Qxf8 {[%emt 0:00:01]} 28. h4 {[%emt 0:00:01]} Qg7 {[%emt 0:00:01]} 29. h5 {[%emt 0:00:01]} Rd8 {[%emt 0:00:02]} 30. Qg3 {[%emt 0:00:02]} Bf7 {[%emt 0:00:04]} 31. Qh4 {[%emt 0:00:01]} Rd7 {[%emt 0:00:02]} 32. h6 {[%emt 0:00:02]} Qf8 {[%emt 0:00:01]} 33. Qf6 {[%emt 0:00:01]} Re7 {[%emt 0:00:06]} 34. a4 {[%emt 0:00:01]} Be8 {[%emt 0:00:01]} 35. Qh4 {[%emt 0:00:04]} Rf7 {[%emt 0:00:01]} 36. Qg3 {[%emt 0:00:02]} Rf1+ {[%emt 0:00:01]} 37. Kg2 {[%emt 0:00:00]} Rf5 {[%emt 0:00:01]} 38. Qd3 {[%emt 0:00:02]} Qf7 {[%emt 0:00:01]} 39. a5 {[%emt 0:00:01]} Rf2+ {[%emt 0:00:01]} 40. Kg3 {[%emt 0:00:00]} Nd7 {[%emt 0:00:03]} 41. Qe3 {[%emt 0:00:01] Time (Lag: Av=0.32s, max=0.8s)} 1-0

[Event "Stay Safe Play From Home 310"]
[Site "Emanuel Lasker Arena"]
[Date "2020.07.17"]
[Round "3"]
[White "AChessPlayer"]
[Black "Mepe_Nika"]
[Result "1-0"]
[WhiteElo "2463"]
[BlackElo "2344"]
[Annotator "TA"]
[PlyCount "61"]
[EventDate "2020.07.17"]
[EventType "swiss (blitz)"]

{[%evp 17,61,32,16,-75,-75,-81,-80,-90,-68,-66,15,18,0,0,50,53,60,57,58,59,89,55,100,61,88,36,116,67,72,80,72,69,71,75,100,24,40,37,176,32,1231,481,2354,2260,2451,2338]} 1. Nf3 Nf6 2. g3 c5 3. Bg2 Nc6 4. O-O g6 5. c4 Bg7 6. Nc3 O-O 7. d3 d6 8. a3 Bd7 9. Rb1 a5 {[#]} 10. b4 $146 {A38: Symmetrical English vs ...g6: 4 Bg2 Bg7 5 Nf3 Nf6.} (10. b3 $11) ({Predecessor:} 10. Ne1 Ne8 11. Nc2 Nc7 12. Bd2 Rb8 13. b4 axb4 14. axb4 Nxb4 15. Nxb4 cxb4 16. Rxb4 b5 17. cxb5 Nxb5 18. Nxb5 Rxb5 19. Rxb5 Bxb5 20. Qb3 Bd7 21. Qb7 Qc8 22. Qa7 Rd8 23. Bg5 Bf6 24. Bxf6 exf6 {1-0 (89) Kovalenko,I (2684)-Borisek,J (2565) chess.com INT 2017}) 10... axb4 $17 11. axb4 Nxb4 12. Nd2 {Black is better.} Rb8 13. Ba3 Bc6 (13... Nc6 $15) 14. Bxb4 $11 cxb4 15. Rxb4 Bxg2 (15... Qa5 {is interesting.} 16. Qb3 Nd7 17. Rb1 Nc5 18. Qc2 Na6) 16. Kxg2 Nd7 17. Qc2 Nc5 18. Rfb1 Qc7 19. Kg1 Qc6 20. Nf3 h5 21. Nb5 (21. Nd5 $16 Rfe8 22. d4) 21... Ne6 (21... Na6 $14) 22. Qd2 d5 23. cxd5 Qxd5 24. e4 Qd7 25. d4 Rfd8 26. d5 (26. Qe3 $16) 26... Nc5 27. Qe3 $36 {[%mdl 2048] White is pushing.} b6 (27... Na6 $14) 28. Nfd4 ({Only move:} 28. Nbd4 $18 {Threatens to win with Nc6.} Rdc8 29. Rxb6 Rxb6 30. Rxb6) 28... Qd6 $2 {[%mdl 8192] [#]} (28... Ra8 $14) 29. Nc6 (29. Nxd6 $142 Bxd4 30. Qxd4 exd6 31. Rxb6) 29... e6 (29... Qd7 $142 30. Nba7 Rb7 31. Rxb6 Ra8 32. Qxc5 Rbxa7 33. Nxa7 Qxa7) 30. Nxd6 $18 exd5 31. Nxb8 {Accuracy: White = 38%, Black = 29%.} 1-0

[Event "Stay Safe Play From Home 310"]
[Site "Emanuel Lasker Arena"]
[Date "2020.07.17"]
[Round "3"]
[White "Broken sword"]
[Black "Klasman"]
[Result "1-0"]
[WhiteElo "2428"]
[BlackElo "1293"]
[Annotator "TA"]
[PlyCount "37"]
[EventDate "2020.07.17"]
[EventType "swiss (blitz)"]

{[%evp 9,37,111,130,108,138,97,163,119,165,127,134,139,133,129,204,186,245,266,269,244,848,835,826,820,898,882,915,904,875,873]} 1. e4 f5 2. exf5 Nf6 3. d4 d5 4. Bd3 Nc6 5. c3 e6 6. fxe6 {B00: Queen's Fianchetto Defence, Nimzowitsch Defence.} Bxe6 {[#]} 7. Ne2 $146 ({Predecessor:} 7. Nf3 Bd6 8. Qe2 Qe7 9. Ng5 Bg4 10. Qxe7+ {1-0 (10) Krnan,T (2408)-Gettler,D (2052) Tatranske Zruby 2019}) 7... Bg4 (7... Bd6 $16) 8. f3 {White is clearly better.} Bh5 9. Nf4 Bf7 10. O-O Bd6 11. Re1+ Kf8 (11... Ne7 $16 12. Na3 c6) 12. Qb3 Bxf4 (12... Rb8 {is a better defense.} 13. Na3 Qd7) 13. Bxf4 $18 Rb8 14. Nd2 Na5 $2 (14... Bg6) 15. Qa3+ {White is clearly winning.} Kg8 16. Qxa5 {[%mdl 64] [#] Double Attack} b6 17. Qxa7 Ra8 18. Qxc7 Qxc7 19. Bxc7 {Accuracy: White = 64%, Black = 35%.} 1-0

[Event "Stay Safe Play From Home 310"]
[Site "Emanuel Lasker Arena"]
[Date "2020.07.17"]
[Round "3"]
[White "Little champs"]
[Black "Greblah"]
[Result "1-0"]
[WhiteElo "2304"]
[BlackElo "1880"]
[Annotator "TA"]
[PlyCount "79"]
[EventDate "2020.07.17"]
[EventType "swiss (blitz)"]

{[%evp 13,78,59,72,50,71,3,4,-12,0,-5,22,-16,0,-58,41,-16,-7,-34,-30,-25,-27,-33,-18,-25,-20,-16,-17,-33,-38,-47,-33,-38,-30,-44,-36,-72,-57,-66,-41,-72,-75,-125,-127,-119,-87,-84,-16,-38,-23,-19,-41,-122,0,-92,-98,-119,-92,-239,-233,-207,0,0,12835,12835,29999,12842,29999]} 1. d4 c6 2. e4 d5 3. Nc3 dxe4 4. Nxe4 Nf6 5. Nxf6+ gxf6 6. Bc4 Bf5 7. Nf3 e6 8. Nh4 {B16: Caro-Kann: Bronstein-Larsen Variation.} Bg6 9. Nxg6 (9. O-O $16) 9... hxg6 $11 {[#]} 10. O-O $146 {The position is equal.} ({Predecessor:} 10. c3 Bd6 11. h3 Nd7 12. Qe2 Qc7 13. Bd2 O-O-O 14. O-O-O Nb6 15. Bb3 Bf4 16. Bxf4 Qxf4+ {½-½ (23) Solberg,J (2179)-Soraas,T (2118) Harstad 2006}) 10... Bd6 (10... Nd7 {is more complex.} 11. Re1 f5 12. g3 Nf6 13. Bf4 Be7) 11. g3 Qc7 12. Qe2 Nd7 {[%cal Bb8d7,Bd7f6,Bf6g4][%mdl 32]} 13. Re1 (13. d5 $11) 13... O-O (13... g5 $15) 14. Qg4 ({Better is} 14. Bh6 $14) 14... Kg7 15. Bd3 f5 16. Qf3 Nf6 17. c3 Ng4 18. h3 Nf6 19. Bg5 Rh8 20. Bxf6+ Kxf6 21. Kg2 Rh7 22. h4 Rah8 23. Bc2 Kg7 24. c4 Be7 25. Rh1 Qb6 26. Rad1 Qxb2 {[%mdl 64] [#] Double Attack} 27. Rd2 Qxa2 28. d5 Qxc4 {[%cal Re6d5]} (28... exd5 {with more complications.} 29. Qe3 Qa3 30. Qxa3 Bxa3 31. Rb1 b6) 29. dxe6 fxe6 (29... Qxe6 $17 {...Rd8 is the strong threat.} 30. Bb3 Qc8) 30. Bb3 Qe4 31. Qxe4 fxe4 32. Bxe6 (32. Rd7 $15 Kf6 33. Rxb7) 32... g5 ({Black should play} 32... Bc5 $17 33. Re2 Kf6) 33. Rd7 (33. Bf5 $11 {keeps the balance.}) 33... Kf6 $17 34. Bg4 gxh4 {White must now prevent ...Bc5.} 35. Re1 (35. Rxb7 $17 {was called for.} hxg3 36. Rxh7 Rxh7 37. f4) 35... hxg3 $19 36. Kxg3 Rg7 $2 (36... Bc5 $19 {Threatens to win with ...Rxd7.} 37. Rxh7 Rxh7 38. Rxe4 a5) 37. Rxe4 $11 {[#] White threatens Re6+ and mate.} Rhg8 $2 {[%mdl 8192]} (37... Re8 $11) 38. Re6+ $18 Kg5 39. Rdxe7 (39. f4# $142) 39... Rxe7 40. f4# {Accuracy: White = 52%, Black = 58%.} 1-0

[Event "Stay Safe Play From Home 310"]
[Site "Emanuel Lasker Arena"]
[Date "2020.07.17"]
[Round "3"]
[White "Lamborghini"]
[Black "Hetou"]
[Result "0-1"]
[WhiteElo "2203"]
[BlackElo "2510"]
[Annotator "TA"]
[PlyCount "98"]
[EventDate "2020.07.17"]
[EventType "swiss (blitz)"]

{[%evp 9,98,56,81,84,102,89,92,70,88,20,32,20,79,-20,-22,-29,-27,-27,-14,-25,-18,-63,-77,-110,-74,-87,0,0,25,-64,-43,-131,75,51,79,33,43,35,81,-38,-31,-22,-22,-13,-31,-32,-32,-48,0,0,0,-818,-843,-1199,-1169,-1076,-627,-626,-585,-588,-286,-822,-822,-899,-839,-1120,-980,-1129,-968,-5338,-5335,-5177,-4778,-5331,-5310,-5281,-1826,-29985,-29986,-29986,-29987,-29987,-29988,-29988,-29989,-29989,-29990,-29991,-29992,-29992,-29989]} 1. e4 g6 2. d4 Bg7 3. Nc3 e6 4. Be3 b6 5. Qd2 Bb7 6. O-O-O {B06: Modern Defence.} d6 7. f3 Nd7 8. g4 {White is better.} h5 9. g5 (9. gxh5 $16 Rxh5 10. Kb1) 9... a6 10. h4 {[#]} b5 $146 (10... Ne7 $11 {remains equal.}) ({Predecessor:} 10... Ne7 11. Nh3 O-O 12. Be2 d5 13. Nf4 b5 14. exd5 exd5 15. Bf2 Nb6 16. Nd3 Nc4 {½-½ (34) Rawlinson,A (2236)-Gregory,K (2060) Hinckley Island 2009}) 11. Bh3 (11. d5 $1 $16) 11... Ne7 $11 12. Nce2 Nb6 13. b3 a5 14. Nf4 a4 15. Bxe6 O-O 16. Bh3 axb3 17. cxb3 {[#]} Qb8 ({Black should play} 17... Ra3 $1 $17) 18. Rh2 $36 {[%mdl 2048] White has the initiative.} Qa7 19. Qb2 (19. d5 $11) 19... c5 $15 20. Rc2 (20. Kb1 $1 $15) 20... Rfc8 $2 (20... Rfe8 $17 {and life is bright. aiming for ...Ned5!} 21. Kb1 Ned5 22. Nxd5 Nxd5 {[%mdl 64] Pin}) 21. Bxc8 $16 Rxc8 22. Nge2 c4 $1 23. Kb1 b4 24. bxc4 ({White should try} 24. Bd2 $16 c3 25. Bxc3 bxc3 26. Nxc3 (26. Rxc3 d5 $14)) 24... Nxc4 $15 25. Rxc4 Rxc4 26. Rc1 Ba6 27. Rxc4 Bxc4 28. Nc1 d5 29. Qxb4 Nc6 30. Qc5 $2 {[%mdl 8192] [#] Black keeps a firm grip on the game.} (30. Qc3 $11) 30... Qb7+ $1 $19 31. Ka1 Nb4 {[%cal Rb4c2]} 32. Nb3 Nc2+ 33. Kb2 Nxe3 34. Nxd5 Nxd5 (34... Bxd5 $142 35. exd5 Nxd5) 35. exd5 $2 (35. Qxc4 Ne3 36. Qd3) 35... Bxd5 36. Kc3 Bxf3 37. a4 Bd5 38. Qb5 Qc8+ 39. Kb4 Bxb3 40. Kxb3 Bxd4 41. a5 Qh3+ 42. Kc4 Qxh4 43. Kd5 Qxg5+ {Black mates.} 44. Kc6 Qxb5+ 45. Kxb5 h4 46. Kc4 Bg1 47. Kd3 h3 48. a6 h2 49. a7 h1=B {Accuracy: White = 41%, Black = 71%.} 0-1

[Event "Stay Safe Play From Home 310"]
[Site "Emanuel Lasker Arena"]
[Date "2020.07.17"]
[Round "3"]
[White "Bardellosport"]
[Black "Lazieri3"]
[Result "0-1"]
[WhiteElo "1996"]
[BlackElo "2133"]
[Annotator "TA"]
[PlyCount "68"]
[EventDate "2020.07.17"]
[EventType "swiss (blitz)"]

{[%evp 9,67,-10,0,-22,-19,-14,-17,-12,-6,-107,-27,-88,-13,-45,-28,-58,-53,-86,-84,-97,-98,-116,-113,-208,-193,-273,-274,-291,-284,-353,-265,-397,-388,-368,-380,-404,-387,-366,-353,-461,-446,-435,-408,-814,-533,-745,-720,-813,-807,-29984,-6010,-29993,-29993,-29996,-29997,-29997,-29996,-29999,-29999,-29999]} 1. d4 c6 2. e3 d5 3. f4 Nf6 4. Nf3 Bf5 5. Bd3 Ne4 {[#]} 6. Bxe4 $146 {D00: 1 d4 d5: Unusual lines.} ({Predecessor:} 6. O-O e6 7. Nc3 Nd7 8. Bd2 Ndf6 9. Be1 Be7 10. Qe2 O-O 11. Bh4 Nxc3 12. bxc3 {0-1 (43) Karamucki,H (1412)-Gasik,J (1854) Miedzyzdroje 2015}) 6... Bxe4 7. O-O e6 8. Qe2 {The position is equal.} Bd6 9. Nbd2 (9. c4 $11) 9... Bg6 ({Black should try} 9... Bxc2 $17 10. Nc4 Bf5 11. Nxd6+ Qxd6) 10. Ne5 (10. c4 $11 {remains equal.}) 10... Nd7 ({Black should play} 10... Bxc2 $17 11. Ndc4 Bf5 12. Nxd6+ Qxd6) 11. c4 Nxe5 12. fxe5 Be7 13. cxd5 cxd5 {Black converts the advantage convincingly.} 14. Qb5+ Qd7 15. Qe2 O-O 16. Qf2 (16. Nf3 $17) 16... Rac8 $19 17. Nb3 (17. Nf3 $142) 17... Rc2 18. Bd2 Rxb2 19. Rfc1 {[#]} Bb4 $1 {[%mdl 512]} 20. Bxb4 (20. Qe1 {was called for.} Be4 21. a3) 20... Rxf2 21. Kxf2 Rc8 22. Rxc8+ Qxc8 23. Rc1 {[%cal Rc1c8]} Qd8 24. Nc5 b6 25. Nb3 h6 26. Bd6 (26. Nd2 $142) 26... Qd7 27. Rc7 Qa4 28. Nc1 Qd1 29. Rc3 Qd2+ 30. Kg3 Qxc3 {Black mates.} 31. Ne2 Qxe3+ {[%mdl 64] [#] Double Attack} 32. Kh4 Qxe2 33. g3 Bf5 {[%cal Re2h2]} 34. h3 g5# {Accuracy: White = 26%, Black = 74%.} 0-1

[Event "Stay Safe Play From Home 310"]
[Site "Emanuel Lasker Arena"]
[Date "2020.07.17"]
[Round "3"]
[White "Haris kollari 13"]
[Black "Haxhi Baha"]
[Result "0-1"]
[WhiteElo "1649"]
[BlackElo "1928"]
[Annotator "NA"]
[PlyCount "66"]
[EventDate "2020.07.17"]
[EventType "swiss (blitz)"]

1. e4 {[%emt 0:00:01]} e6 {[%emt 0:00:01]} 2. f4 {[%emt 0:00:01]} d5 {[%emt 0:00:00]} 3. e5 {[%emt 0:00:00]} c5 {[%emt 0:00:06]} 4. Nf3 {[%emt 0:00:00]} Nc6 {[%emt 0:00:00]} 5. c3 {[%emt 0:00:01]} d4 {[%emt 0:00:01]} 6. b3 {[%emt 0:00:01]} Nge7 {[%emt 0:00:02]} 7. d3 {[%emt 0:00:01]} Nd5 {[%emt 0:00:02]} 8. c4 {[%emt 0:00:02]} Ne3 {[%emt 0:00:01]} 9. Bxe3 {[%emt 0:00:02]} dxe3 {[%emt 0:00:00]} 10. Qe2 {[%emt 0:00:01]} Be7 {[%emt 0:00:00]} 11. Nc3 {[%emt 0:00:01]} Nd4 {[%emt 0:00:00]} 12. Nxd4 {[%emt 0:00:02]} cxd4 {[%emt 0:00:00]} 13. Ne4 {[%emt 0:00:00]} Bd7 {[%emt 0:00:01]} 14. g4 {[%emt 0:00:01]} Bb4+ {[%emt 0:00:01]} 15. Kd1 {[%emt 0:00:01]} Bc6 {[%emt 0:00:01]} 16. Bg2 {[%emt 0:00:02]} a5 {[%emt 0:00:01]} 17. a3 {[%emt 0:00:02]} Bxe4 {[%emt 0:00:05]} 18. axb4 {[%emt 0:00:02]} Bxg2 {[%emt 0:00:02]} 19. Qxg2 {[%emt 0:00:01]} axb4 {[%emt 0:00:01]} 20. Kc2 {[%emt 0:00:08]} O-O {[%emt 0:00:02]} 21. Qxb7 {[%emt 0:00:02]} Rb8 {[%emt 0:00:02]} 22. Qe4 {[%emt 0:00:01]} Qh4 {[%emt 0:00:04]} 23. Qf3 {[%emt 0:00:06]} Ra8 {[%emt 0:00:03]} 24. h3 {[%emt 0:00:03]} Rxa1 {[%emt 0:00:02]} 25. Rxa1 {[%emt 0:00:02]} h5 {[%emt 0:00:00]} 26. f5 {[%emt 0:00:03]} hxg4 {[%emt 0:00:02]} 27. hxg4 {[%emt 0:00:01]} exf5 {[%emt 0:00:01]} 28. Rh1 {[%emt 0:00:05]} Qg5 {[%emt 0:00:04]} 29. gxf5 {[%emt 0:00:02]} Rb8 {[%emt 0:00:03]} 30. Qh3 {[%emt 0:00:03]} Qh6 {[%emt 0:00:02]} 31. Qxh6 {[%emt 0:00:01]} gxh6 {[%emt 0:00:00]} 32. Rh4 {[%emt 0:00:01]} Ra8 {[%emt 0:00:00]} 33. Rxd4 {[%emt 0:00:01] .} Ra2+ {[%emt 0:00:01]} 0-1

[Event "Stay Safe Play From Home 310"]
[Site "Emanuel Lasker Arena"]
[Date "2020.07.17"]
[Round "4"]
[White "Hetou"]
[Black "AChessPlayer"]
[Result "1-0"]
[WhiteElo "2515"]
[BlackElo "2475"]
[Annotator "TA"]
[PlyCount "75"]
[EventDate "2020.07.17"]
[EventType "swiss (blitz)"]

{[%evp 9,75,-4,25,11,25,8,51,52,50,24,29,8,43,51,58,42,70,33,55,4,56,0,0,0,42,27,54,52,129,123,121,90,108,95,142,125,174,130,177,113,177,188,225,228,293,166,352,351,777,770,767,777,1153,1131,6118,5950,5950,5901,5617,5318,5593,5268,2451,2451,2385,2226,2078,2029]} 1. e4 c6 2. d3 d5 3. Nf3 dxe4 4. dxe4 Qxd1+ 5. Kxd1 Bg4 6. Be2 {B10: Caro-Kann: 2 d3 and 2 c4.} Bxf3 7. Bxf3 e5 8. Ke2 {[#] White is slightly better.} Nd7 $146 ({Predecessor:} 8... Nf6 9. Rd1 Nbd7 10. Kf1 Bc5 11. a3 a5 12. Bg5 h6 13. Bh4 Rd8 14. Nd2 g5 {0-1 (22) Mojapelo,K (1194)-King,E (1522) Cape Town 2016}) 9. c3 Ngf6 10. Be3 Bd6 11. Nd2 Ke7 12. Rhd1 Bc7 13. g3 Bb6 14. h4 (14. a4 $14) 14... g6 (14... a5 $11) 15. Bg2 (15. Bh6 $14) 15... Bxe3 16. Kxe3 h5 17. Nc4 Rhd8 18. Bh3 b5 ({Black should play} 18... a5 $14) 19. Na5 $16 Rdc8 20. Rd2 Rc7 21. Rad1 Nf8 22. f3 Ne8 23. Nb3 c5 24. Na5 (24. Rd5 $18) 24... c4 (24... f6 $16) 25. Rd5 $18 a6 26. Rxe5+ Ne6 27. f4 (27. Bxe6 $142 fxe6 28. Rg5) 27... N8g7 $2 (27... Rb8 28. Rd2 Rb6) 28. f5 {[%mdl 64] [#] Pin} f6 $2 (28... gxf5 29. exf5 {[%mdl 64] Pin} Rc5) 29. Rxe6+ {White is clearly winning.} Nxe6 30. fxe6 g5 31. Bf5 Raa7 32. Rd7+ Rxd7 33. Nc6+ Kd6 34. exd7 Rxd7 35. Bxd7 Kxd7 36. Nd4 Kd6 37. Nf5+ Ke5 38. Ng7 {Accuracy: White = 63%, Black = 26%.} 1-0